| 000 | 00949nam a22003017a 4500 | ||
|---|---|---|---|
| 003 | CHAP | ||
| 005 | 20220329140407.0 | ||
| 008 | 971013s1986 r 00010 d | ||
| 010 | _a51368 | ||
| 011 | _a52340 | ||
| 035 | _a56490 | ||
| 040 | _cCHAP | ||
| 090 | _aFolleto 11096 | ||
| 100 | 0 | 0 |
_aRojas Fernández, Gilda. _999303 |
| 245 | _aResúmenes y cuadros sinópticos | ||
| 260 |
_aMéxico, D. F. : _bUNAM. Coordinación de Apoyo y Servicios Educativos, _c1986 |
||
| 300 |
_a28 p. _b: ilus. |
||
| 490 | _aGuía del estudiante | ||
| 590 |
_aBATCH-UPD _b10 _c20130110 _lUCH01 _h0831 |
||
| 590 |
_aBATCH-UPD _b10 _c20130410 _lUCH01 _h0509 |
||
| 590 |
_aBATCH-UPD _b10 _c20130914 _lUCH01 _h1556 |
||
| 590 |
_aCONVERSION _b10 _c20130109 _lUCH01 _h1328 |
||
| 650 | 1 | 4 |
_aMétodos de estudio. _976629 |
| 830 | 0 |
_aGuía del estudiante _951489 |
|
| 901 | _aBK | ||
| 942 | _cFOLL | ||
| 949 |
_aFolleto 11096 _bBC _cFOLL _d-123380 _eTS1 _gI. c/e _i56490 _si _t30.00 |
||
| 999 |
_c51368 _d51368 |
||